000
00248 a2200097 4500
001
41328
100
_a
Goodspeed, S
245
_a
The nature and function of international organization
260
_a
N.Y
_b
Oxford university
_c
090
_c
25511
_d
25511
942
_a
NUST-CAE
_c
M
_c
17238
999
_c
276401
_d
276401